| 000 | 00000nam##2200000za#4500 |
| 001 | 9.577191 |
| 003 | CaOODSP |
| 005 | 20210624185509 |
| 007 | cr ||||||||||| |
| 008 | 150406|2005||||xxc|||||o f|0| 0 eng|d |
| 040 | |aCaOODSP|beng |
| 043 | |an-cn--- |
| 086 | 1 |aBT31-2/2006-III-120E-PDF |
| 110 | 1 |aCanada. |bTreasury Board. |
| 245 | 10|aCanada Border Services Agency |h[electronic resource] |
| 260 | |aOttawa - Ontario : |bTreasury Board of Canada Secretariat |c2005. |
| 300 | |a46p.|bfigs., organization chart, tables, photographs |
| 490 | 1 |a2005-2006 estimates. Part III, Report on plans and priorities |
| 500 | |a"2005-2006 to 2007-2008 Estimates"--p.1 of 46. |
| 590 | |a13-19-Supp|b2013-08-14 |
| 775 | 08|tAgence des services frontaliers du Canada |w(CaOODSP)9.605998 |
| 776 | 0#|tCanada Border Services Agency |w(CaOODSP)9.540946 |
| 776 | 0#|tAgence des services frontaliers du Canada |w(CaOODSP)9.540947 |
| 830 | #0|a2005-2006 estimates. Part III, Report on plans and priorities.|w(CaOODSP)9.504925 |
| 856 | 40|ahttp://publications.gc.ca|qPDF|s672 KB|uhttps://publications.gc.ca/collections/Collection/BT31-2-2006-III-120E.pdf |